000 00568nam a2200205Ia 4500
003 OSt
005 20230606102844.0
008 210423s2007 xx 000 0 und d
040 _cAL
041 _aeng
082 _a361.3
_223
_bSHAP
100 _aSHARIFF (Iqbal)
_9119872
245 _aPersonality development and social work
260 _aJaipur
_bRaj Publishing House
_c2007
365 _b895
_cINR
650 _aSocial Problems & Services
_9119873
650 _aSocial Work
_9119874
906 _adevelopment ; Personality ; social ; work
942 _2ddc
_cBK
999 _c174872
_d174872